Change (Record no. 325002)

MARC details
000 -LEADER
fixed length control field 00443nam a2200169Ia 4500
008 - FIXED-LENGTH DATA ELEMENTS--GENERAL INFORMATION
fixed length control field 230718s9999 xx 000 0 und d
020 ## - INTERNATIONAL STANDARD BOOK NUMBER
International Standard Book Number 9788190845250
041 ## - LANGUAGE CODE
Language code of text/sound track or separate title eng
082 ## - DEWEY DECIMAL CLASSIFICATION NUMBER
Classification number 658.4
Item number SET
100 ## - MAIN ENTRY--PERSONAL NAME
Personal name Seth M.
9 (RLIN) 128137
245 ## - TITLE STATEMENT
Title Change
Remainder of title A Case Study Special
260 ## - PUBLICATION, DISTRIBUTION, ETC. (IMPRINT)
Date of publication, distribution, etc. 2010
Name of publisher, distributor, etc. Business World
300 ## - PHYSICAL DESCRIPTION
Extent 264
365 ## - TRADE PRICE
Currency code Rs.
Price amount 295.00
700 ## - ADDED ENTRY--PERSONAL NAME
Personal name Seth M.
9 (RLIN) 128137
906 ## - LOCAL DATA ELEMENT F, LDF (RLIN)
d O:0085605-Jun-2010B:408703-May-2010
c MGMT
b 59
Holdings
Withdrawn status Lost status Damaged status Not for loan Home library Current library Date acquired Vendor Budget Code Cost, normal purchase price Bill number Total Checkouts Full call number Barcode Date last seen Discount Cost, replacement price Bill Date Koha item type Original Barcode
        Cummins College of Engineering for Women Pune Cummins College of Engineering for Women Pune 05/06/2010 Tbs MGMT 236.00 4087   658.4 CCEP-BK-36209 18/07/2023 59 295.00 03/05/2010 Books 036209